000 01036cam a2200265 4500
001 WB3946-08
008 031204n2003 000 0 eng u
035 _a(Sirsi) u124567
245 _aHSC seeks views on how to work at height safely
260 _c2003
490 _aHSE News Release
_v(C067:03) 4 December 2003 (2)
520 _aThe Health and Safety Commission is seeking views from industry, unions and workers on draft work at height regulations and guidance. The consultation period will run until 2 April 2004. Copies of "Proposals for work at height regulations, CD192" are available from the HSE web site http://www.hse.gov.uk/consultative/live.htm.
590 _aWB
650 _aHEALTH AND SAFETY COMMISSION
650 _aCONSULTATION PROCESS
650 _aWORK AT HEIGHT
650 _aHEIGHT REGULATIONS
650 _aSAFETY
650 _aFATAL ACCIDENTS
650 _aCONSTRUCTION INDUSTRY
650 _aGOOD PRACTICE
650 _aSAFETY STANDARDS
690 _aHealth and safety
_96244
942 _n0
999 _c73927
_d73927